00503nam a2200181Ia 450000500170000000800410001704000190005804100120007708200150008910000250010424500480012926000380017730000110021550400190022665000170024565100490026285000100031120230710140307.0131103s9999 xx 000 0 und d aLoreto College aEnglish a573.2bTEI aDe Chardin, Teilhard 4aThe Phenomenon of mancTeilhard De Chardin  aLondonbHarper and Brothersc1959 a318p.  aIncludes index aLife science aLife science,biology , Philosophy and theory aLCLIB